Balance energético de una extractora de aceite de palma aceitera, y análisis técnico y económico para el uso más eficiente de la biomasa generada en el proceso de extracción
Uloženo v:
| Hlavní autor: | |
|---|---|
| Další autoři: | , , |
| Médium: | Kniha |
| Jazyk: | Spanish |
| Vydáno: |
[San José, Costa Rica]
2013
|
| Témata: | |
| Tagy: |
Přidat tag
Žádné tagy, Buďte první, kdo vytvoří štítek k tomuto záznamu!
|
MARC
| LEADER | 00000nam a22000007a 4500 | ||
|---|---|---|---|
| 003 | 011849 | ||
| 005 | 20231122110423.0 | ||
| 008 | 150319b2013 cr a|||| |||| 00| 0 spa d | ||
| 040 | |c cru CEDI | ||
| 090 | |a TFG 7017 | ||
| 100 | |a Venegas López, Christian, 1987- |9 1816 | ||
| 245 | |a Balance energético de una extractora de aceite de palma aceitera, y análisis técnico y económico para el uso más eficiente de la biomasa generada en el proceso de extracción | ||
| 260 | |a [San José, Costa Rica] |c 2013 | ||
| 500 | |a Tesis (licenciatura en ingeniería mecánica)--Universidad de Costa Rica. Facultad de Ingeniería. Escuela de Ingeniería Mecánica | ||
| 501 | |a Director de Tesis de Graduación: Ing. Fernando Rojas González | ||
| 650 | |x BALANCE ENERGETICO |x ACEITE DE PALMA - PRODUCCION - CONSUMO DE ENERGIA - COSTA RICA |x CONSERVACION DE LA ENERGIA |x BIOMASA |x TURBINAS DE VAPOR |x CALDERAS DE VAPOR |x PALMA TICA S.A. (COSTA RICA) |x ACEITE DE PALMA - PRODUCCION - COSTA RICA |9 607 | ||
| 700 | |a Salazar Vega, Alejandro , 1988- |9 1817 | ||
| 700 | |a Vargas Valverde, Camilo, 1986- |9 606 | ||
| 700 | |a Rojas González, Fernando |d Director del TFG |9 1595 | ||
| 942 | |c TFG |h TFG 7017 |i 011849 |6 TFG_7017_011849000000000 | ||
| 999 | |c 13767 |d 13767 | ||
